Asian newspapers. (click) Quiz Stats

 Plays Quiz not verified by Sporcle

Challenge
Share
Tweet
Embed
Score 0/20 Timer 03:00
0 Plays Today
% Correct
Azerbaijan
89.4%
Turkmenistan
87.2%
Vietnam
85.1%
Oman
83%
Nepal
80.9%
Israel
78.7%
India
74.5%
Japan
72.3%
North Korea
68.1%
Thailand
68.1%
% Correct
China PR
68.1%
Malaysia
66%
South Korea
66%
Iran
63.8%
Turkey
63.8%
Qatar
63.8%
Mongolia
55.3%
Indonesia
42.6%
Singapore
40.4%
Taiwan ROC
36.2%

You're not logged in!

Compare scores with friends on all Sporcle quizzes.
OR
Log In

You Might Also Like...

Show Comments

Extras

Created Jul 29, 2013SourceReportNominate
Tags:Asia Quiz, newspaper

Top Quizzes Today


Score Distribution

Your Account Isn't Verified!

In order to create a playlist on Sporcle, you need to verify the email address you used during registration. Go to your Sporcle Settings to finish the process.

Report this User

Report this user for behavior that violates our Community Guidelines.

Details: